[Event "GRE-chT Online Rapid op 1st"]
[Site "Tornelo INT"]
[Date "2021.02.21"]
[Round "5.1"]
[White "Michelakos, Panagiotis"]
[Black "Sigalas, Frangiskos"]
[Result "1-0"]
[WhiteElo "2252"]
[BlackElo "2216"]
[PlyCount "33"]
[EventDate "2021.02.20"]
[EventType "team-swiss (rapid)"]
[EventRounds "9"]
[EventCountry "GRE"]
[SourceTitle "EXT 2023"]
[Source "ChessBase"]
[SourceDate "2022.10.05"]
[SourceVersion "1"]
[SourceVersionDate "2022.10.05"]
[SourceQuality "1"]

1. d4 e6 2. c4 Nf6 3. g3 d5 4. Nf3 Be7 5. Bg2 0-0 6. 0-0 dxc4 7. Ne5 Nc6 8. Nxc6 bxc6 9. Qa4 Rb8 10. Qxc4 Rb4 11. Qc2 Qxd4 12. Bd2 Rxb2 13. Qc1 Qb6 14. Nc3 Qb8 15. Na4 Rb5 16. Bxc6 Re5 17. Rb1 1-0

[Event "GRE-chT 47th"]
[Site "Patras"]
[Date "2019.07.05"]
[Round "6.6"]
[White "Sigalas, Frangiskos"]
[Black "Papadopoulos, Nikolaos"]
[Result "0-1"]
[WhiteElo "2228"]
[BlackElo "2272"]
[PlyCount "180"]
[EventDate "2019.07.02"]
[EventType "team-swiss"]
[EventRounds "7"]
[EventCountry "GRE"]
[SourceTitle "CBM 191 Extra"]
[Source "ChessBase"]
[SourceDate "2019.09.30"]
[SourceVersion "1"]
[SourceVersionDate "2019.09.30"]
[SourceQuality "1"]
[WhiteTeam "Pefkis"]
[BlackTeam "Heraklion Contact"]
[WhiteTeamCountry "GRE"]
[BlackTeamCountry "GRE"]

1. e4 c5 2. Nf3 Nc6 3. d4 cxd4 4. Nxd4 g6 5. c4 Nf6 6. Nc3 d6 7. Be2 Bg7 8. Be3 0-0 9. Qd2 Nxd4 10. Bxd4 Bd7 11. 0-0 Bc6 12. f3 a5 13. b3 Nd7 14. Be3 Nc5 15. Rac1 Qb6 16. Rc2 Rfc8 17. Rb1 Qd8 18. Bf1 Be5 19. a3 Bg7 20. b4 axb4 21. axb4 Na4 22. Nd5 e6 23. Nf4 Qe7 24. Rd1 Rd8 25. b5 Be8 26. Ra2 Qc7 27. Ra3 Bf8 28. Rda1 Nb6 29. Rxa8 Rxa8 30. Rxa8 Nxa8 31. Qa2 Qc8 32. Nd3 Nc7 33. Qa5 Bd7 34. Bb6 Ne8 35. Qa2 Bg7 36. Nb4 f5 37. exf5 gxf5 38. Qd2 Kf7 39. f4 Bf6 40. Bd3 Bd8 41. Bd4 Bf6 42. Be3 d5 43. Qe2 dxc4 44. Bxc4 Nd6 45. Bd3 Qc3 46. Nc2 Qb2 47. b6 Bc6 48. Qd2 Qc3 49. Qxc3 Bxc3 50. Bc5 Be4 51. Nb4 Bxd3 52. Nxd3 Nc4 53. Kf2 Ba5 54. Kf3 Nxb6 55. g4 Nd7 56. Bd4 Bc7 57. h3 Bd6 58. Bc3 b5 59. Ba5 Nf6 60. Bd2 Nd5 61. Nc1 b4 62. Nb3 Nb6 63. Nd4 Bc5 64. gxf5 Bxd4 65. fxe6+ Kxe6 66. Bxb4 Kf5 67. Bd6 Nd5 68. Bb8 Be3 69. Bd6 Bxf4 70. Bc5 Nc7 71. Bb6 Ne6 72. Bf2 Ng5+ 73. Kg2 Ke4 74. Bh4 Ne6 75. Bf2 Be5 76. Bg1 Ng7 77. Bb6 Nf5 78. Bf2 Bd4 79. Be1 h5 80. Bd2 Be5 81. Kf2 Bd4+ 82. Kg2 Kd3 83. Bg5 Ke2 84. Bf4 Bf2 85. Bg5 Be1 86. Bf4 Nh4+ 87. Kh2 Kf3 88. Bg5 Nf5 89. Bd8 Bg3+ 90. Kh1 Bf4 0-1

[Event "GRE-chT 46th"]
[Site "Rio Achaia"]
[Date "2018.07.15"]
[Round "7.9"]
[White "Maier, Christian"]
[Black "Sigalas, Frangiskos"]
[Result "1/2-1/2"]
[WhiteElo "2378"]
[BlackElo "2213"]
[PlyCount "149"]
[EventDate "2018.07.10"]
[EventType "team"]
[EventRounds "7"]
[EventCountry "GRE"]
[SourceTitle "CBM 185 Extra"]
[Source "ChessBase"]
[SourceDate "2018.07.29"]
[SourceVersion "1"]
[SourceVersionDate "2018.07.29"]
[SourceQuality "1"]
[WhiteTeam "Sea of Corinth Argonaut"]
[BlackTeam "Pefkis"]
[WhiteTeamCountry "GRE"]
[BlackTeamCountry "GRE"]

1. e4 e6 2. d3 d5 3. Nd2 Nf6 4. Ngf3 Bc5 5. e5 Nfd7 6. d4 Be7 7. h4 c5 8. Nb3 c4 9. Nbd2 f6 10. exf6 Bxf6 11. g3 Nc6 12. Bh3 e5 13. dxe5 Ndxe5 14. Bxc8 Rxc8 15. Nxe5 Nxe5 16. 0-0 0-0 17. f4 Nc6 18. Nf3 d4 19. Qe2 Qd5 20. Qf2 Rfe8 21. Bd2 d3 22. cxd3 cxd3 23. Be3 Bxb2 24. Qxb2 Rxe3 25. Qb3 Rd8 26. Qxd5+ Rxd5 27. Rad1 Nd4 28. Nxd4 Rxd4 29. Kg2 Kf7 30. Rd2 Kf6 31. Kf2 Re7 32. Rfd1 Red7 33. h5 h6 34. Kf3 b5 35. g4 a5 36. Rb1 b4 37. Rc1 Ke6 38. Rc5 R4d5 39. Rc6+ R7d6 40. Rc7 Rd7 41. Rc6+ R7d6 42. Rc7 Kf6 43. Rc4 Re6 44. Kf2 Rb6 45. Ke3 Re6+ 46. Kf2 Rb6 47. Ke3 a4 48. Rxd3 Rxd3+ 49. Kxd3 b3 50. axb3 axb3 51. Rc1 b2 52. Rb1 Rb4 53. Ke3 Ke6 54. Kf3 Rb3+ 55. Ke4 Rb4+ 56. Kf3 Kd5 57. g5 Kd4 58. Kg4 Ke4 59. Re1+ Kd3 60. Kf5 b1Q 61. Rxb1 Rxb1 62. Kg6 hxg5 63. fxg5 Rg1 64. Kf5 Rh1 65. Kg6 Rg1 66. Kf5 Rh1 67. Kg6 Ke4 68. Kxg7 Rxh5 69. Kf6 Kf4 70. g6 Rf5+ 71. Ke7 Ra5 72. g7 Ra8 73. Kf7 Kf5 74. g8Q Rxg8 75. Kxg8 1/2-1/2

[Event "GRE-chT 46th"]
[Site "Rio Achaia"]
[Date "2018.07.13"]
[Round "5.9"]
[White "Tzouganakis, Panteleimon"]
[Black "Sigalas, Frangiskos"]
[Result "1/2-1/2"]
[WhiteElo "2206"]
[BlackElo "2213"]
[PlyCount "62"]
[EventDate "2018.07.10"]
[EventType "team"]
[EventRounds "7"]
[EventCountry "GRE"]
[SourceTitle "CBM 185 Extra"]
[Source "ChessBase"]
[SourceDate "2018.07.29"]
[SourceVersion "1"]
[SourceVersionDate "2018.07.29"]
[SourceQuality "1"]
[WhiteTeam "Portrait"]
[BlackTeam "Pefkis"]
[WhiteTeamCountry "GRE"]
[BlackTeamCountry "GRE"]

1. e4 e6 2. d4 d5 3. Nc3 Bb4 4. e5 c5 5. a3 Bxc3+ 6. bxc3 Ne7 7. h4 Qa5 8. Bd2 Nbc6 9. Nf3 Bd7 10. h5 0-0-0 11. Bd3 c4 12. Be2 f6 13. h6 gxh6 14. exf6 Ng6 15. Kf1 Rdf8 16. Bxh6 Qxc3 17. Bxf8 Rxf8 18. g3 Rxf6 19. Kg2 h6 20. Re1 Nge7 21. Rc1 Nf5 22. Bf1 Rg6 23. Kh2 Ncxd4 24. Nxd4 Nxd4 25. Re3 Qb2 26. Rb1 Qxc2 27. Qxd4 Qxb1 28. Qc5+ Kb8 29. Qd6+ Kc8 30. Qc5+ Kb8 31. Qd6+ Kc8 1/2-1/2

[Event "GRE-chT 42nd"]
[Site "Porto Rio"]
[Date "2014.07.02"]
[Round "6.3"]
[White "Simeonidis, Ioannis"]
[Black "Sigalas, Frangiskos"]
[Result "1/2-1/2"]
[WhiteElo "2234"]
[BlackElo "2197"]
[PlyCount "61"]
[EventDate "2014.06.28"]
[EventType "team-swiss"]
[EventRounds "7"]
[EventCountry "GRE"]
[SourceTitle "CBM 161 Extra"]
[Source "ChessBase"]
[SourceDate "2014.08.29"]
[SourceVersion "1"]
[SourceVersionDate "2014.08.29"]
[SourceQuality "1"]
[WhiteTeam "Florinas OP"]
[BlackTeam "Chess Spring"]
[WhiteTeamCountry "GRE"]
[BlackTeamCountry "GRE"]

1. c4 e6 2. g3 Nf6 3. Bg2 d5 4. Nf3 Be7 5. 0-0 0-0 6. d4 dxc4 7. Qc2 a6 8. a4 Bd7 9. Ne5 Bc6 10. Nxc6 Nxc6 11. e3 Nb4 12. Qxc4 Nfd5 13. Nc3 Rc8 14. Ne4 c5 15. dxc5 f5 16. Nc3 Bxc5 17. Qb3 Rf7 18. Nxd5 Nxd5 19. Bd2 Qb6 20. Bxd5 exd5 21. Qxb6 Bxb6 22. Bc3 Rd7 23. Rfd1 Kf7 24. Rd3 Ke6 25. h4 h5 26. Kf1 g6 27. Ke2 Rc4 28. b3 Rc8 29. Rad1 Bc7 30. Kf3 Bb8 31. Ke2 1/2-1/2

[Event "Istanbul op-A 12th"]
[Site "Istanbul"]
[Date "2013.10.18"]
[Round "9"]
[White "Sigalas, Frangiskos"]
[Black "Karaokcu, Erkin"]
[Result "1-0"]
[WhiteElo "2212"]
[BlackElo "2059"]
[PlyCount "64"]
[EventDate "2013.10.12"]
[EventType "swiss"]
[EventRounds "9"]
[EventCountry "TUR"]
[SourceTitle "EXT 2014"]
[Source "ChessBase"]
[SourceDate "2013.11.20"]
[SourceVersion "1"]
[SourceVersionDate "2013.11.20"]
[SourceQuality "1"]

1. e4 d6 2. d4 Nf6 3. Nc3 g6 4. Nf3 Bg7 5. Be2 0-0 6. 0-0 Bg4 7. Be3 Nc6 8. Nd2 Bxe2 9. Qxe2 e5 10. d5 Nd4 11. Qd3 Nd7 12. Nb3 Nxb3 13. axb3 a6 14. b4 f5 15. f4 Bh6 16. exf5 Rxf5 17. g4 Rxf4 18. Bxf4 exf4 19. Qh3 Bg5 20. Ne4 Ne5 21. Rae1 h6 22. Nc5 dxc5 23. Rxe5 Bf6 24. Re4 Qxd5 25. Rfxf4 Rd8 26. Qb3 Qxb3 27. cxb3 Bg5 28. Rf3 cxb4 29. Rxb4 b5 30. Re4 Rd2 31. Rc3 Rxb2 32. Rxc7 Kf8 1-0

[Event "Istanbul op-A 12th"]
[Site "Istanbul"]
[Date "2013.10.16"]
[Round "7"]
[White "Ozen, Bahadir"]
[Black "Sigalas, Frangiskos"]
[Result "1/2-1/2"]
[WhiteElo "1942"]
[BlackElo "2212"]
[PlyCount "65"]
[EventDate "2013.10.12"]
[EventType "swiss"]
[EventRounds "9"]
[EventCountry "TUR"]
[SourceTitle "EXT 2014"]
[Source "ChessBase"]
[SourceDate "2013.11.20"]
[SourceVersion "1"]
[SourceVersionDate "2013.11.20"]
[SourceQuality "1"]

1. d4 e6 2. c4 Nf6 3. Nc3 Bb4 4. Qc2 d5 5. cxd5 Qxd5 6. Nf3 Qf5 7. Qxf5 exf5 8. Bf4 Be6 9. a3 Bd6 10. Bxd6 cxd6 11. g3 Nc6 12. e3 Rc8 13. Nd2 Kd7 14. Bd3 g6 15. f3 h5 16. Kf2 h4 17. Rac1 Ke7 18. Ne2 hxg3+ 19. hxg3 Rxh1 20. Rxh1 Na5 21. Nc3 Nc4 22. Nxc4 Bxc4 23. Bxc4 Rxc4 24. Rh8 a6 25. Rb8 Rc7 26. e4 fxe4 27. fxe4 Kd7 28. Ke3 Kc6 29. Kd3 Re7 30. Rc8+ Kd7 31. Rb8 Kc6 32. Rc8+ Kd7 33. Rb8 1/2-1/2

[Event "Istanbul op-A 12th"]
[Site "Istanbul"]
[Date "2013.10.15"]
[Round "5"]
[White "Goynuguzel, Serkan"]
[Black "Sigalas, Frangiskos"]
[Result "1/2-1/2"]
[WhiteElo "1864"]
[BlackElo "2212"]
[PlyCount "67"]
[EventDate "2013.10.12"]
[EventType "swiss"]
[EventRounds "9"]
[EventCountry "TUR"]
[SourceTitle "EXT 2014"]
[Source "ChessBase"]
[SourceDate "2013.11.20"]
[SourceVersion "1"]
[SourceVersionDate "2013.11.20"]
[SourceQuality "1"]

1. d4 e6 2. e3 c5 3. c3 Nf6 4. Bd3 d5 5. f4 Ne4 6. Nf3 Nc6 7. 0-0 Be7 8. Ne5 0-0 9. Nd2 f5 10. Ndf3 Qc7 11. Bd2 a5 12. Bb5 Bd7 13. Nxd7 Qxd7 14. Ne5 Qc7 15. Be1 Nxe5 16. fxe5 Bg5 17. Qe2 c4 18. Ba4 b5 19. Bc2 Be7 20. Bxe4 dxe4 21. a3 Rab8 22. Rc1 Rfc8 23. g4 g6 24. gxf5 exf5 25. Bg3 Qc6 26. Rcd1 Rd8 27. Qd2 Rd5 28. Qg2 Qe8 29. Bf4 Qd8 30. Kh1 Rb6 31. Rg1 b4 32. axb4 axb4 33. Ra1 Rdb5 34. Qe2 1/2-1/2

[Event "Istanbul op-A 12th"]
[Site "Istanbul"]
[Date "2013.10.13"]
[Round "2"]
[White "Karayel, Atagun"]
[Black "Sigalas, Frangiskos"]
[Result "0-1"]
[WhiteElo "1931"]
[BlackElo "2212"]
[PlyCount "90"]
[EventDate "2013.10.12"]
[EventType "swiss"]
[EventRounds "9"]
[EventCountry "TUR"]
[SourceTitle "EXT 2014"]
[Source "ChessBase"]
[SourceDate "2013.11.20"]
[SourceVersion "1"]
[SourceVersionDate "2013.11.20"]
[SourceQuality "1"]

1. d4 e6 2. c4 Nf6 3. Nc3 Bb4 4. e3 0-0 5. Nge2 d5 6. a3 Bd6 7. cxd5 exd5 8. g3 Re8 9. Bg2 c6 10. Qc2 a5 11. 0-0 Na6 12. Bd2 Nc7 13. f3 c5 14. Rf2 Ne6 15. Nb5 Bf8 16. Bf1 b6 17. Nec3 Bb7 18. Re1 Rc8 19. Bh3 Ba6 20. Qb3 g6 21. Na7 Ra8 22. Nc6 Qd6 23. Ne5 cxd4 24. Bxe6 dxc3 25. Bxf7+ Kg7 26. Bxe8 cxd2 27. Rxd2 Qxe5 28. Bc6 Bc4 29. Qxb6 Rb8 30. Qa7+ Kg8 31. Qxa5 Rxb2 32. Rg2 Rxg2+ 33. Kxg2 Qb2+ 34. Kg1 Bxa3 35. Qa8+ Bf8 36. Qa1 Qd2 37. Qc1 Bb4 38. Qxd2 Bxd2 39. Ra1 Bxe3+ 40. Kg2 Kf7 41. Re1 d4 42. Ba4 Nd5 43. f4 Nc3 44. Bc2 h5 45. Ra1 d3 0-1

[Event "Istanbul op-A 12th"]
[Site "Istanbul"]
[Date "2013.10.13"]
[Round "3"]
[White "Sigalas, Frangiskos"]
[Black "Zengin, Sedat"]
[Result "1/2-1/2"]
[WhiteElo "2212"]
[BlackElo "2020"]
[PlyCount "98"]
[EventDate "2013.10.12"]
[EventType "swiss"]
[EventRounds "9"]
[EventCountry "TUR"]
[SourceTitle "EXT 2014"]
[Source "ChessBase"]
[SourceDate "2013.11.20"]
[SourceVersion "1"]
[SourceVersionDate "2013.11.20"]
[SourceQuality "1"]

1. e4 d6 2. d4 Nf6 3. Nc3 g6 4. Nf3 Bg7 5. Be2 0-0 6. 0-0 Bg4 7. Be3 Nc6 8. Qd2 e5 9. dxe5 dxe5 10. Rad1 Re8 11. Qc1 Qc8 12. h3 Bxf3 13. Bxf3 Nd8 14. Nd5 Nd7 15. Bg4 Ne6 16. Bg5 f6 17. Be3 c6 18. Nc3 Qc7 19. Rd2 Bf8 20. Rfd1 Nb6 21. a3 Kh8 22. Bxe6 Rxe6 23. Bxb6 Qxb6 24. Rd7 Re7 25. Rxe7 Bxe7 26. Rd7 Bf8 27. b4 Qa6 28. Qb2 Qc4 29. Qb3 Qxb3 30. cxb3 a5 31. Rxb7 axb4 32. axb4 Ra1+ 33. Kh2 Ra3 34. Rb6 Rxb3 35. Rxc6 Bxb4 36. Nd5 Be1 37. Rxf6 Kg7 38. Kg1 Bc3 39. g3 Bd4 40. Kg2 Rb2 41. Rf3 h5 42. Nc3 Rc2 43. Nb5 Re2 44. Nd6 Bc5 45. Ne8+ Kg8 46. h4 Be7 47. Nf6+ Bxf6 48. Rxf6 Kg7 49. Kf3 Rxf2+ 1/2-1/2

[Event "Istanbul op-A 12th"]
[Site "Istanbul"]
[Date "2013.10.12"]
[Round "1"]
[White "Sigalas, Frangiskos"]
[Black "Tarlabasi, Emirhan"]
[Result "1-0"]
[WhiteElo "2212"]
[BlackElo "1790"]
[PlyCount "95"]
[EventDate "2013.10.12"]
[EventType "swiss"]
[EventRounds "9"]
[EventCountry "TUR"]
[SourceTitle "EXT 2014"]
[Source "ChessBase"]
[SourceDate "2013.11.20"]
[SourceVersion "1"]
[SourceVersionDate "2013.11.20"]
[SourceQuality "1"]

1. e4 c5 2. Nf3 Nc6 3. d4 cxd4 4. Nxd4 e5 5. Nb5 d6 6. c4 a6 7. N5c3 Be7 8. Bd3 Nf6 9. 0-0 0-0 10. Na3 Be6 11. Nc2 Rc8 12. Ne3 Nd4 13. b3 b5 14. Bb2 bxc4 15. Bxc4 Bxc4 16. Nxc4 Qc7 17. Rc1 Qb7 18. Qd3 Rfd8 19. Ne3 Bf8 20. Ncd5 Nxd5 21. Nxd5 Qb5 22. Qxb5 axb5 23. Bxd4 exd4 24. Rfd1 Rc5 25. Nb4 Rdc8 26. Rb1 g6 27. Rxd4 Ra8 28. Rbd1 Ra3 29. g3 Rc8 30. Rd5 Rc5 31. Kg2 Ra8 32. R1d2 Re8 33. Kf3 Re6 34. R2d3 Rf6+ 35. Ke3 Re6 36. Na6 Rc6 37. Nb8 Bh6+ 38. f4 Rb6 39. Nd7 Ra6 40. Rxb5 Rxa2 41. Rb6 Rxh2 42. Rdxd6 Rxd6 43. Rxd6 Rg2 44. Kf3 Rb2 45. Nf6+ Kg7 46. Rb6 Rb1 47. e5 Kf8 48. Rb8+ 1-0

[Event "GRE-chT 41st"]
[Site "Achaia"]
[Date "2013.07.07"]
[Round "7.4"]
[White "Kalaitzoglou, Panayotis"]
[Black "Sigalas, Frangiskos"]
[Result "0-1"]
[WhiteElo "2144"]
[BlackElo "2195"]
[PlyCount "60"]
[EventDate "2013.07.02"]
[EventType "team-swiss"]
[EventRounds "7"]
[EventCountry "GRE"]
[SourceTitle "CBM 155 Extra"]
[Source "ChessBase"]
[SourceDate "2013.08.26"]
[SourceVersion "1"]
[SourceVersionDate "2013.08.26"]
[SourceQuality "1"]
[WhiteTeam "Chania ADA"]
[BlackTeam "Chess Spring"]
[WhiteTeamCountry "GRE"]
[BlackTeamCountry "GRE"]

1. d4 Nf6 2. Bg5 e6 3. e4 h6 4. Bxf6 Qxf6 5. Nc3 d6 6. Qd2 Nd7 7. f4 b6 8. Bb5 Bb7 9. 0-0-0 0-0-0 10. d5 g6 11. g4 g5 12. Nge2 gxf4 13. Nd4 a6 14. Bc6 Ne5 15. a4 Bg7 16. a5 Nc4 17. Qe2 b5 18. b3 f3 19. Qf2 Qf4+ 20. Kb1 Qe3 21. Qxe3 Nxe3 22. Rd3 Bxd4 23. Rxd4 f2 24. Rdd1 Rdg8 25. Rdf1 Nxf1 26. Bxb7+ Kxb7 27. Rxf1 Rxg4 28. Rxf2 b4 29. Na2 Rxe4 30. Rxf7 exd5 0-1

[Event "GRE-chT 41st"]
[Site "Achaia"]
[Date "2013.07.05"]
[Round "5.4"]
[White "Sigalas, Frangiskos"]
[Black "Papakonstantinou, Dimitrios1"]
[Result "1-0"]
[WhiteElo "2195"]
[BlackElo "1895"]
[PlyCount "81"]
[EventDate "2013.07.02"]
[EventType "team-swiss"]
[EventRounds "7"]
[EventCountry "GRE"]
[SourceTitle "CBM 155 Extra"]
[Source "ChessBase"]
[SourceDate "2013.08.26"]
[SourceVersion "1"]
[SourceVersionDate "2013.08.26"]
[SourceQuality "1"]
[WhiteTeam "Chess Spring"]
[BlackTeam "Panionios GSS"]
[WhiteTeamCountry "GRE"]
[BlackTeamCountry "GRE"]

1. e4 c5 2. Nf3 e6 3. g3 Nf6 4. Qe2 Nc6 5. Bg2 d6 6. 0-0 Be7 7. c3 0-0 8. d4 cxd4 9. cxd4 d5 10. e5 Ne4 11. Be3 Qb6 12. Rd1 Bd7 13. Ne1 f5 14. f3 Ng5 15. Nc3 Na5 16. Nd3 Bb5 17. Nxb5 Qxb5 18. b4 Nc4 19. a4 Qd7 20. Nc5 Qc8 21. b5 Nf7 22. f4 a5 23. Rac1 b6 24. Na6 Ra7 25. Bf1 Qd7 26. Bf2 g5 27. Qa2 Na3 28. Rc3 Rc8 29. Rdc1 Raa8 30. Nc7 Rab8 31. Na6 Ra8 32. Nc7 Rab8 33. Bg2 Bb4 34. Rc6 Nc4 35. R1xc4 dxc4 36. Qxc4 Nd8 37. Nxe6 Nxc6 38. bxc6 Qe7 39. c7 Kh8 40. cxb8Q Rxb8 41. d5 1-0

[Event "Isthmia op-A 2nd"]
[Site "Korinthos"]
[Date "2012.08.19"]
[Round "2"]
[White "Sigalas, Frangiskos"]
[Black "Grover, Sahaj"]
[Result "0-1"]
[WhiteElo "2224"]
[BlackElo "2516"]
[PlyCount "58"]
[EventDate "2012.08.18"]
[EventType "swiss"]
[EventRounds "9"]
[EventCountry "GRE"]
[SourceTitle "CBM 150 Extra"]
[Source "ChessBase"]
[SourceDate "2012.10.19"]
[SourceVersion "1"]
[SourceVersionDate "2012.10.19"]
[SourceQuality "1"]

1. e4 e6 2. d4 d5 3. Nc3 Bb4 4. e5 c5 5. a3 Bxc3+ 6. bxc3 Ne7 7. Qg4 cxd4 8. Qxg7 Rg8 9. Qxh7 Qc7 10. Ne2 Nbc6 11. f4 dxc3 12. Qd3 d4 13. Rb1 b6 14. Nxd4 Nxd4 15. Qxd4 Bb7 16. Rg1 Rd8 17. Qc4 Qd7 18. Qxc3 Qd1+ 19. Kf2 Qh5 20. h3 Qg6 21. g4 Rc8 22. Bb5+ Kf8 23. Qd3 Be4 24. Qd7 Rxc2+ 25. Ke1 Nd5 26. f5 Qh7 27. Bg5 Qxh3 28. Rb3 Qh2 29. Qe8+ Kg7 0-1

[Event "Kavala op-A 21st"]
[Site "Kavala"]
[Date "2012.07.30"]
[Round "7"]
[White "Sigalas, Frangiskos"]
[Black "Navalgund, Niranjan"]
[Result "0-1"]
[WhiteElo "2227"]
[BlackElo "2130"]
[PlyCount "66"]
[EventDate "2012.07.25"]
[EventType "swiss"]
[EventRounds "9"]
[EventCountry "GRE"]
[SourceTitle "CBM 149 Extra"]
[Source "ChessBase"]
[SourceDate "2012.08.24"]
[SourceVersion "1"]
[SourceVersionDate "2012.08.24"]
[SourceQuality "1"]

1. e4 e5 2. Nf3 Nc6 3. Bb5 a6 4. Bxc6 dxc6 5. 0-0 Qf6 6. d4 exd4 7. Qxd4 Qxd4 8. Nxd4 Bd7 9. Nc3 0-0-0 10. Be3 c5 11. Nde2 Bc6 12. Rad1 Re8 13. f3 f5 14. Ng3 fxe4 15. Ncxe4 b6 16. Rfe1 Ne7 17. h4 Nd5 18. Bd2 Nb4 19. Bxb4 cxb4 20. h5 g6 21. Kf2 Bg7 22. b3 Rhf8 23. hxg6 hxg6 24. Ng5 Rxe1 25. Kxe1 Re8+ 26. Kf2 Re5 27. Nf7 Rc5 28. Rd8+ Kb7 29. Rd2 Bd5 30. Nd8+ Kc8 31. Ne4 Ra5 32. Rxd5 Rxd5 33. Nc6 Bf8 0-1

[Event "Porto Carras op 5th"]
[Site "Porto Carras"]
[Date "2010.07.13"]
[Round "4"]
[White "Minas, Ioannis"]
[Black "Sigalas, Frangiskos"]
[Result "1/2-1/2"]
[WhiteElo "1836"]
[BlackElo "2276"]
[PlyCount "41"]
[EventDate "2010.07.11"]
[EventType "swiss"]
[EventRounds "9"]
[EventCountry "GRE"]
[SourceTitle "CBM 137 Extra"]
[Source "ChessBase"]
[SourceDate "2010.09.01"]
[SourceVersion "1"]
[SourceVersionDate "2010.09.01"]
[SourceQuality "1"]

1. e4 e6 2. d4 d5 3. e5 c5 4. c3 Nc6 5. Nf3 Bd7 6. a3 f6 7. b4 cxd4 8. cxd4 fxe5 9. dxe5 Qc7 10. Bb2 Nh6 11. Bd3 Nf7 12. Qe2 a6 13. Nc3 Nfxe5 14. 0-0 Nxf3+ 15. Qxf3 Ne5 16. Qh5+ g6 17. Nxd5 exd5 18. Qxe5+ Qxe5 19. Bxe5 Rg8 20. Rfe1 Kf7 21. Rac1 1/2-1/2

[Event "GRE-chT Div-A 38th"]
[Site "Peristeri"]
[Date "2010.07.10"]
[Round "6"]
[White "Kotronias, Vasilios"]
[Black "Sigalas, Frangiskos"]
[Result "1/2-1/2"]
[WhiteElo "2582"]
[BlackElo "2276"]
[PlyCount "91"]
[EventDate "2010.07.05"]
[EventType "team-swiss"]
[EventRounds "7"]
[EventCountry "GRE"]
[SourceTitle "CBM 137 Extra"]
[Source "ChessBase"]
[SourceDate "2010.09.01"]
[SourceVersion "1"]
[SourceVersionDate "2010.09.01"]
[SourceQuality "1"]

1. c4 e6 2. Nf3 Nf6 3. g3 b6 4. Bg2 Bb7 5. 0-0 Be7 6. d3 d5 7. cxd5 exd5 8. Nh4 0-0 9. Nf5 Re8 10. Nxe7+ Qxe7 11. Nc3 Nbd7 12. Bf4 Nc5 13. d4 Ne6 14. Be5 Rad8 15. Qa4 a5 16. Bxf6 Qxf6 17. Rfd1 Ng5 18. h4 Ne4 19. Nxe4 dxe4 20. Rac1 Re7 21. e3 Bd5 22. a3 Qd6 23. b4 axb4 24. Qxb4 Qxb4 25. axb4 Ra8 26. Bf1 f5 27. Bh3 g6 28. g4 fxg4 29. Bxg4 c6 30. b5 cxb5 31. Rb1 Ra5 32. Be2 Ra2 33. Rxb5 Rxe2 34. Rxd5 Rf7 35. Rf1 Rb7 36. Rb5 Kg7 37. Kg2 h5 38. Kg1 Kh7 39. Re5 b5 40. Rxe4 b4 41. d5 Rd2 42. Rb1 b3 43. Rd4 Rxd4 44. exd4 Rb4 45. d6 Rxd4 46. Rxb3 1/2-1/2

[Event "GRE-chT Div-A 38th"]
[Site "Peristeri"]
[Date "2010.07.09"]
[Round "5"]
[White "Sigalas, Frangiskos"]
[Black "Kotrotsos, Vasilios"]
[Result "0-1"]
[WhiteElo "2276"]
[BlackElo "2337"]
[PlyCount "114"]
[EventDate "2010.07.05"]
[EventType "team-swiss"]
[EventRounds "7"]
[EventCountry "GRE"]
[SourceTitle "CBM 137 Extra"]
[Source "ChessBase"]
[SourceDate "2010.09.01"]
[SourceVersion "1"]
[SourceVersionDate "2010.09.01"]
[SourceQuality "1"]

1. e4 c5 2. Nf3 d6 3. d4 cxd4 4. Nxd4 Nf6 5. Nc3 a6 6. Bc4 e6 7. Bb3 Nbd7 8. Bg5 Qa5 9. Bxf6 Nxf6 10. 0-0 Be7 11. f4 Qc5 12. Kh1 b5 13. Qd3 0-0 14. f5 e5 15. Nde2 Bb7 16. Nd5 Bxd5 17. Bxd5 Nxd5 18. exd5 Rac8 19. c3 Qc4 20. Qxc4 Rxc4 21. b3 Rc5 22. Rfd1 g6 23. Ng3 Rxc3 24. f6 Bd8 25. Ne4 Re3 26. Re1 Bb6 27. Rxe3 Bxe3 28. Re1 Bh6 29. g4 Bf4 30. Re2 Rc8 31. Nxd6 Rc5 32. b4 Rxd5 33. Rc2 Rd1+ 34. Kg2 Rd2+ 35. Rxd2 Bxd2 36. Ne8 Bxb4 37. Nc7 Bd6 38. Nxa6 Kf8 39. Kf3 Ke8 40. Ke4 Kd7 41. Kd5 h5 42. gxh5 gxh5 43. h3 h4 44. Nc5+ Bxc5 45. Kxc5 e4 46. Kd4 Ke6 47. Kxe4 Kxf6 48. Kf4 b4 49. Kg4 Ke5 50. Kxh4 Kf4 51. Kh5 f5 52. h4 Ke4 53. Kg6 f4 54. h5 f3 55. h6 f2 56. h7 f1Q 57. h8Q Qf5+ 0-1

[Event "GRE-chT Div-A 38th"]
[Site "Peristeri"]
[Date "2010.07.08"]
[Round "4"]
[White "Kounalakis, Evryklis"]
[Black "Sigalas, Frangiskos"]
[Result "1/2-1/2"]
[WhiteElo "2142"]
[BlackElo "2276"]
[PlyCount "80"]
[EventDate "2010.07.05"]
[EventType "team-swiss"]
[EventRounds "7"]
[EventCountry "GRE"]
[SourceTitle "CBM 137 Extra"]
[Source "ChessBase"]
[SourceDate "2010.09.01"]
[SourceVersion "1"]
[SourceVersionDate "2010.09.01"]
[SourceQuality "1"]

1. e4 e6 2. d4 d5 3. Nd2 c5 4. Ngf3 cxd4 5. exd5 Qxd5 6. Bc4 Qd6 7. 0-0 Nf6 8. Nb3 Nc6 9. Nbxd4 Nxd4 10. Nxd4 a6 11. Re1 Bd7 12. c3 Qc7 13. Qe2 Bd6 14. Bg5 0-0-0 15. Nf3 Bc6 16. Ne5 Bxe5 17. Qxe5 Qxe5 18. Rxe5 h6 19. Bxf6 gxf6 20. Rc5 Kc7 21. Rh5 f5 22. Rh4 Rd2 23. b4 Rc2 24. Rh3 Rg8 25. Bf1 Rg6 26. c4 Rb2 27. b5 axb5 28. cxb5 Bxb5 29. Bxb5 Rxb5 30. Rc3+ Kb6 31. a4 Rb2 32. a5+ Ka6 33. Rc8 e5 34. g3 Re6 35. Ra8+ Kb5 36. Rb8 Ka6 37. Ra8+ Kb5 38. Rb8 Ka6 39. Ra8+ Kb5 40. a6 bxa6 1/2-1/2

[Event "GRE-chT Div-A 38th"]
[Site "Peristeri"]
[Date "2010.07.07"]
[Round "3"]
[White "Sigalas, Frangiskos"]
[Black "Gimnopoulos, Lazaros"]
[Result "0-1"]
[WhiteElo "2276"]
[BlackElo "2139"]
[PlyCount "45"]
[EventDate "2010.07.05"]
[EventType "team-swiss"]
[EventRounds "7"]
[EventCountry "GRE"]
[SourceTitle "CBM 137 Extra"]
[Source "ChessBase"]
[SourceDate "2010.09.01"]
[SourceVersion "1"]
[SourceVersionDate "2010.09.01"]
[SourceQuality "1"]

1. e4 c5 2. Nf3 d6 3. Bc4 e6 4. 0-0 Nf6 5. d3 Be7 6. Bb3 0-0 7. c3 Nc6 8. Qe2 b6 9. d4 cxd4 10. cxd4 d5 11. exd5 Nxd5 12. Nc3 Ncb4 13. Rd1 Ba6 14. Qd2 Rc8 15. Ne5 Bd6 16. Nxd5 Nxd5 17. Bxd5 exd5 18. Re1 Re8 19. b3 Qc7 20. Nf3 Re4 21. Bb2 Bf4 22. Qb4 Be2 23. Ba3 0-1